000 00578nam a2200145 a 4500
008 120416s1998 xx |||||||||||||| || u
050 _aSB 950.95 Bio
100 _aCopping, L. G
245 1 4 _aThe Biopesticide manual
_cedited by L. G. Copping
260 _c1998
300 _a: ill.
350 _a0.00
995 _aREFERENCE BOOKS
_D0.00
_e735620
_FCBU-MAIN LIBRARY (Kitwe)
_H1
_I27.50
_jSB 950.95 Bio
_M1
_UREFERENCE
_y48777
_ZReference Collection
995 _aREFERENCE BOOKS
_D0.00
_e735619
_FCBU-MAIN LIBRARY (Kitwe)
_H2
_I27.50
_jSB 950.95 Bio
_M2
_UREFERENCE
_y48775
_ZReference Collection
999 _c81140
_d81140